000 00402nam a22001217a 4500
999 _c10115
_d10115
003 OSt
008 201218b ||||| |||| 00| 0 eng d
245 _aThe ICFAI University Journal of Information Technology
250 _a2009(Mar Vol.5 No.1, Jun Vol.5 No.2, Sep Vol.5 No.3, Dec Vol.5 No.4)
260 _aHyderabad
_bICFAI University Press
650 _aMaster of Computer Applications
942 _2ddc
_cBV